| 000 | 01432njm a22003737a 4500 | ||
|---|---|---|---|
| 005 | 2010092206126.0 | ||
| 007 | sd ammalaaahaa | ||
| 008 | 100904t xxu||||| |||| 00| 0 hin d | ||
| 028 |
_a45NLP. 1064 _bHis Master's Voice |
||
| 028 |
_aB.12JW 645 _bHis Master's Voice |
||
| 028 |
_aB.12JW 646 _bHis Master's Voice |
||
| 035 | _aGR-07790 | ||
| 040 | _aSED/VEN | ||
| 100 |
_aYesudas _91184 |
||
| 245 |
_aSunayana (Part-1) _bHindi Film / _cby Yesudas; Music & Lyric by Ravindra Jain _h[Sound Recording] : |
||
| 246 | _aसुनैना (येसूदास) | ||
| 250 | _aP-1984 | ||
| 260 |
_aDum Dum, India : _bHis Master's Voice _cP-1978 |
||
| 300 |
_a1 sound disc [Gramophone Recording] : _banalog, 33 1/3 rpm ; _c12 in. [LP] _fGramophone Records |
||
| 500 | _aBrief Records | ||
| 500 | _aRecord Lables: His Master's Voice, Red | ||
| 505 | _aगीत साइड-1; सुनैन... सुनैना (सुनैना) (येसूदास), गीत साइड-2; मेघा,ओ के मेघा (हेमलता) (भाग-2) | ||
| 600 |
_aYesudas _920735 |
||
| 650 |
_aClassical Music _xExcerpts _zIndia _918309 |
||
| 700 |
_918319 _aHemlata |
||
| 700 | _918320 | ||
| 700 | _919413 | ||
| 700 | _919439 | ||
| 700 | _921090 | ||
| 700 | _921091 | ||
| 700 | _921103 | ||
| 942 |
_2ddc _cGR |
||
| 999 |
_c47498 _d47498 |
||